[Event "GER-ch U25 op-B"]
[Site "Willingen"]
[Date "2015.05.28"]
[Round "7"]
[White "Caliebe, Nanke"]
[Black "Petri, Ben Luca"]
[Result "1-0"]
[WhiteElo "1360"]
[BlackElo "1555"]
[PlyCount "35"]
[EventDate "2015.05.24"]
[EventType "swiss"]
[EventRounds "9"]
[EventCountry "GER"]
[SourceTitle "CBM 166 Extra"]
[Source "ChessBase"]
[SourceDate "2015.06.18"]
[SourceVersion "1"]
[SourceVersionDate "2015.06.18"]
[SourceQuality "1"]

1. d4 d5 2. c4 e5 3. dxe5 d4 4. Nf3 Nc6 5. e3 Bb4+ 6. Bd2 dxe3 7. fxe3 Bg4 8. Qa4 Bxd2+ 9. Nbxd2 Nge7 10. 0-0-0 Ng6 11. c5 Qe7 12. Qxg4 Qxc5+ 13. Kb1 Rd8 14. Bc4 0-0 15. Qh5 b5 16. Ng5 h6 17. Bxf7+ Rxf7 18. Nxf7 1-0

[Event "GER-ch U25 op-B"]
[Site "Willingen"]
[Date "2015.05.27"]
[Round "6"]
[White "Petri, Ben Luca"]
[Black "Tham, Nam"]
[Result "1-0"]
[WhiteElo "1555"]
[BlackElo "1339"]
[PlyCount "117"]
[EventDate "2015.05.24"]
[EventType "swiss"]
[EventRounds "9"]
[EventCountry "GER"]
[SourceTitle "CBM 166 Extra"]
[Source "ChessBase"]
[SourceDate "2015.06.18"]
[SourceVersion "1"]
[SourceVersionDate "2015.06.18"]
[SourceQuality "1"]

1. e4 e5 2. Nf3 Nc6 3. Bb5 Nf6 4. 0-0 Be7 5. Re1 a6 6. Bxc6 dxc6 7. d3 Bd6 8. d4 Qe7 9. dxe5 Bxe5 10. Nxe5 Qxe5 11. Nc3 0-0 12. f4 Qc5+ 13. Be3 Qe7 14. e5 Nd7 15. Qe2 Rd8 16. Rad1 b6 17. Rd2 Bb7 18. Red1 c5 19. Nd5 Bxd5 20. Rxd5 f6 21. Qd2 fxe5 22. Rxd7 Rxd7 23. Qxd7 Qxd7 24. Rxd7 exf4 25. Bxf4 c6 26. Kf2 Rf8 27. Ke3 Re8+ 28. Kd2 Re4 29. Bg3 Rd4+ 30. Rxd4 cxd4 31. Kd3 Kf7 32. Kxd4 Ke6 33. Bc7 b5 34. Kc5 Kd7 35. Be5 g6 36. Kb6 Ke6 37. Bb8 Kd5 38. Kxa6 Kc4 39. Ka5 Kd4 40. Kb4 Ke3 41. h4 Kd2 42. c4 bxc4 43. Kxc4 Kc2 44. a4 Kxb2 45. a5 Kc2 46. a6 Kd2 47. a7 Ke2 48. a8Q Kf2 49. g3 h6 50. Qxc6 g5 51. hxg5 hxg5 52. Qe4 Kg1 53. Qe2 g4 54. Kd4 Kh1 55. Ke4 Kg1 56. Kf4 Kh1 57. Kxg4 Kg1 58. Kh3 Kh1 59. Qf1# 1-0